|
|
|
|
| LEADER |
01228nam a2200289 u 4500 |
| 001 |
10117568 |
| 003 |
upatras |
| 005 |
20241016095041.0 |
| 008 |
150918s2003 a eng |
| 020 |
|
|
|a 97802927095548
|
| 040 |
|
|
|a GR-PaULI
|c GR-PaULI
|
| 041 |
0 |
|
|a eng
|
| 082 |
1 |
4 |
|a 881.101
|2 ΕΕΒ
|
| 100 |
1 |
|
|a Nagy, Gregory
|4 aut
|9 47663
|
| 245 |
1 |
0 |
|a Homeric responses
|c Gregory Nagy
|
| 260 |
|
|
|a Austin
|b University of Texas Press
|c c2003
|
| 300 |
|
|
|a xii, 100 p.
|c 23 cm
|
| 504 |
|
|
|a Includes bibliographical references and index.
|
| 650 |
|
4 |
|a Προφορική-τυποποιημένη ανάλυση
|9 44468
|
| 650 |
|
0 |
|a Προφορική παράδοση
|z Ελλάδα
|9 77401
|
| 650 |
|
4 |
|9 46721
|a Επική ποίηση
|x Ιστορία και κριτική
|
| 600 |
0 |
4 |
|a Όμηρος
|d 8ος αιώνας π.Χ.
|x Τεχνική
|9 47664
|
| 852 |
|
|
|a GR-PaULI
|b ΠΑΤΡΑ
|b ΦΙΛΟΛΟΓΙΑ
|k ΔΑΝΕΙΖ-6
|h 881.101 NAG
|m 13972
|p 025000196537
|t 1
|
| 942 |
|
|
|2 ddc
|
| 952 |
|
|
|0 0
|1 0
|2 ddc
|4 0
|6 881_101000000000000_NAG
|7 0
|9 183915
|a LISP
|b LISP
|c BSC
|d 2016-04-24
|i 13972
|l 2
|o 881.101 NAG
|p 025000196537
|r 2020-02-26 00:00:00
|s 2020-02-26
|t 1
|w 2016-04-24
|y BK15
|
| 998 |
|
|
|c ΑΝΔΡΙΚΟΠΟΥΛΟΥ
|d 2015-09
|
| 999 |
|
|
|c 113473
|d 113473
|